Регионална библиотека "Любен Каравелов" - Русе

Анатомия на човека (Запис номер 87166)

MARC детайли
000 -Лидер
Контролно поле с фиксирана дължина 01639nam a2200373 c 4500
003 - Код на организацията, давaща контролен номер
Контролно поле BLK
005 - Дата и час на последна редакция
Контролно поле 20180422104359.0
008 - Елементи от данни с фиксирана дължина
fixed length control field 180408b bul|||||r ||||||| ||bul||
010 ## - Наследен системен номер
LC control number KNG00091796000
020 ## - Международен стандартен номер на книга ISBN
Международен стандартен номер на книга ISBN 954-9666-40-9
-- издат.: Мед. изд. Райков
040 ## - Източник на каталожния запис
Идентификатор на билиотеката - собственик на записа BLK
041 ## - Код за език
Код за езика на текст/звукозапис или на отделно заглавие Български
Код за езика КДБФ Български
080 ## - УДК
Текстов определител УДК Анатомия. Вж и 572 ; 591.4 ; 616.1/.9 ; 343.9 ; 743
УДК код - определител по УДК 611
УДК определител (075.8)
УДК - код + определител 611(075.8)
100 1# - Редна дума - Автор
Автор Балтаджиев, Георги Атанасов
Авторска отговорност първи автор
R(LIN) 368040
139 ## - Редно поле
Редна дума Анатомия на човека
Авторски знак Ан - А 64
245 10 - Сведения за заглавието
Заглавие Анатомия на човека
Подзаглавни данни За студенти по медицина и стоматология
Редно поле (дума) Георги Атанасов Балтаджиев; * П. Атанасова; * И. Коева; * Ст. Сивков.
250 ## - Област на изданието
Сведения за изданието 3. доп. изд.
257 ## - Страна на издаване
Страна на създаване/издаване България
260 ## - Област на издателските данни
-- Пловдив
Име на издателя, разпространителя и проч. Мед. изд. Райков
Година на издаване 2006
300 ## - Физическа характеристика
Страници 634 с.
Илюстрации и др. с ил.
Размери/Мащаб 29 см
380 ## - Жанр
Жанр Медицина
500 ## - Общи забележки
Забележка Други авт.: П. Атанасова, И. Коева, Ст. Сивков. - 1. изд. 1999 с авт. Г. Балтаджиев. - Доп. тир. 2010 г.
650 #4 - Допълнително описание по предмет – тема
Основно описание – тема или топоним Анатомия - учебници за ВУЗ
9 (RLIN) 241831
653 ## - Ключова дума – ненормативна
Ключова дума анатомия
653 ## - Ключова дума – ненормативна
Ключова дума учебници за ВУЗ
700 1# - Други автори (авторска отговорност)
Лично име Атанасова, П.
Автороска отговорност (Описва отношението между автора и произведението) *
9 (RLIN) 302619
700 1# - Други автори (авторска отговорност)
Лично име Коева, И.
Автороска отговорност (Описва отношението между автора и произведението) *
9 (RLIN) 302620
700 1# - Други автори (авторска отговорност)
Лично име Сивков, Ст.
Автороска отговорност (Описва отношението между автора и произведението) *
9 (RLIN) 302621
852 ## - Местоположение
Форматна сигнатура Цб ІІ 15837
856 4# - Електронен адрес и достъп
Електронен формат pdf - файл
Път до файла /url/
856 4# - Електронен адрес и достъп
Електронен формат pdf - файл
Път до файла /url/
942 ## - АРТИКУЛИ
Вид на библиотечния материал Книги
Скрит в OPAC Не
944 ## - СЪЗДАВАНЕ И РЕДАКЦИЯ на ЗАПИСА
Създаване/Редакция Създаване
Дата на регистрацията/редакция 02.10.2009
Статус, дата на статуса ф /
Служител, извършил регистрацията/редакцията Виолета_Тройчева
944 ## - СЪЗДАВАНЕ И РЕДАКЦИЯ на ЗАПИСА
Създаване/Редакция Редакция
Дата на регистрацията/редакция 11.10.2016
Статус, дата на статуса ф /
Служител, извършил регистрацията/редакцията Виолета_Тройчева
999 ## - СИСТЕМНИ КОНТРОЛНИ НОМЕРА
Koha biblionumber 87166
Koha biblioitemnumber 87166
Наличности
Код за отписване Код за изгубен артикул Код за повреда Коз за рестрикции Код за отдаване Артикулен № Име на библиотеката - собственик Име на библиотеката, в която се намира в момента Статус (Текущо местоположение) Дата на вписване в системата Местоположение - отдел Цена в лева Инвентарен номер Систематично азбучна сигнатура Баркод Номер на екземпляра Цена в евро Служебна бележка Служебен тип на артикула
  Не е изгубен Не е повреден без рестрикции ползва се в читалня 141252 Регионална библиотека "Любен Каравелов" Русе Регионална библиотека "Любен Каравелов" Русе Читалня 2009-10-02 Читалня 75.00 120000738792 Ч 611/А 64 120000738792 1 38.35 Дост: Pk Вид: Ф N: 21684 Дата: 01.10.2009 Дата инв: 17.03.2017 Бележки инв: Ч2017 Книги
  Не е изгубен Не е повреден без рестрикции ползва се в читалня 141253 Регионална библиотека "Любен Каравелов" Русе Регионална библиотека "Любен Каравелов" Русе Хранилище 2012-11-28 Основен фонд - ползва се само за читалня 32.50 120000761895 Цб ІІ 15837 120000761895 2 16.62 Дост: Pk Вид: Ф N: 324 Дата: 19.11.2012 Книги
Vip Innovations Ltd, Rousse, Bulgaria 2025